LEADER 01048nam a2200241 4500 001 000000350795 003 CaOOAMICUS 005 20220706094458.0 008 220706s1943 it 000 u ita r 040 $aSeMil$bita 100 1 $aRilke, Rainer Maria,$d<1875-1926>.$0(OLS)http://semarc/name/6263 245 10$aOpere di Rainer Maria Rilke /$ca cura di Vincenzo Errante. 264 1$aFirenze :$bSansoni,$c1943. 300 $a3 v. ;$c23 cm 490 1 $aLe opere di Vincenzo Errante 500 $aPosseduto solo il vol. 1 650 4$aRilke, Rainer Maria <1875-1926> - Opere.$0(OLS)http://semarc/subject/3139 700 1 $aErrante, Vincenzo,$d<1890-1951>.$0(OLS)http://semarc/name/7123 774 0 $aRilke, Rainer Maria <1875-1926>$tLiriche.$dFirenze : Sansoni, 1943.$b3. Ed.$w()350793 830 3$aLe opere di Vincenzo Errante.$0(OLS)http://semarc/title/26037 996 $6245$aOpere di Rainer Maria Rilke$9(OLS)http://semarc/title/440611 996 $6264$aFirenze :$bSansoni$9(OLS)http://semarc/publisher/29843 LEADER 00911nam a2200193 i 4500 001 000000252728 003 CaOOAMICUS 005 20170201000000.0 008 170201s1676 it u000 u ita u 013 $a231633 026 $ao.e. o.r- i.o- pipe (3) 1677 (R) 040 $aSeMil$bita 245 10$aVolume 3. 300 $a[8], 475, [29] p. 500 $aLe p. 73-92 omesse nella num. - Segn.: §4 A-2Z4, 2A-2R4. 773 0 $aCalvi, Donato$tEffemeride sagro-profana di quanto di memorabile sia successo in Bergamo, sua diocese, et territorio da suoi principii fin'al corrente anno. Et in tre volumi divisa, contenendosi quattro mesi per ciascun volume. Opera del p. Donato Calvi ...$dIn Milano : nella stampa di Francesco Vigone, 1676.$g3$w()4674 850 $aSeMil 852 $aSeMil$W1$xVenegono$y1$m3P III 18 FA$j203074$B203074$CSeMilBibl$Z2$F215803 $8I 996 $6245$aVolume 3$9(OLS)http://semarc/title/24829